Movies Quiz

Random Movies or Blitz Quiz

Exceedingly Random Movie Trivia Blitz Quiz Stats

 Plays Quiz Updated Oct 21, 2019

Score 0/20 Timer 03:00
21 Plays Today
Hint Answer % Correct
Basic emotions in Riley's brain in Inside OutDisgust...
88.8%
Languages spoken fluently by Hans Landa in Inglourious BasterdsFrench...
87.4%
Mad Max sequel title words that aren't Mad and MaxThunderdome...
85.2%
Villains fought by the Michael Keaton BatmanThe Penguin...
83.8%
Species of the main four animals in MadagascarGiraffe...
81.1%
Countries that have won more than ten Oscars for Best Foreign Language Film Italy...
80.3%
Travel companions of Dorothy in The Wizard of OzScarecrow...
78.8%
Wars in which an ancestor of Lieutenant Dan was killedAmerican Revolution...
77.6%
Dwarves from Snow White and the Seven DwarfsDoc...
77.3%
Serial killers in The Silence of the LambsJame 'Buffalo Bill' Gumb...
72.3%
Hint Answer % Correct
Years the DeLorean travels to on screen in Back to the Future1985...
72.1%
Ways Phil is shown killing himself in Groundhog DayElectrocution via toaster...
69.8%
Bond films in which CIA buddy Felix Leiter appearsDr. No...
66.5%
Movies that won Best Picture and are longer than 200 minutesGone with the Wind...
65.6%
One word (or hyphenate) titles of the Marvel Cinematic UniverseThor...
65.4%
Serpentine code names of the Kill Bill assassinsSidewinder...
52.9%
Names of the Von Trapp children in The Sound of MusicLiesl...
36.4%
Names of any of the title three characters in The Good, the Bad, and the UglyBlondie...
27.8%
Actors who play a Weasley other than Ron in Harry PotterBonnie Wright...
27.7%
Victims of the shark in the original JawsQuint...
23.7%

You're not logged in!

Compare scores with friends on all Sporcle quizzes.
OR
Log In

Sporcle TV

Today on Sporcle TV


Watch our educational content, quiz creation guides, and fun videos on Sporcle TV.

Show Comments

Extras

Top Quizzes Today


Score Distribution

Your Account Isn't Verified!

In order to create a playlist on Sporcle, you need to verify the email address you used during registration. Go to your Sporcle Settings to finish the process.

Report this User

Report this user for behavior that violates our Community Guidelines.

Details: